Normal view MARC view
  • Mendoza, Olga

Entry Nombre Personal

Number of records used in: 4

001 - NUMERO DE CONTROL

  • campo de control: 45254

003 - IDENTIFICADOR DE NUMERO DE CONTROL

  • campo de control: MX-MxUPN

005 - FECHA Y HORA DE LA ÜLTIMA TRANSACCIÓN

  • campo de control: 20220701102703.0

008 - DATOS DE LONGITUD FIJA

  • campo de control de longitud fija: 220701|| aca||aabn | a|a d

040 ## - FUENTE DE CATALOGACIÓN

  • Agencia original de catalogación: MX-MxUPN
  • Lenguaje de catalogación: spa
  • Agencia de transcripción: MX-MxUPN

100 1# - ENCABEZAMIENTO - NOMBRE PERSONAL

  • Nombre personal: Mendoza, Olga

670 ## - FUENTE EN LA QUE SE LOCALIZARON DATOS

  • Cita de la fuente: Síntesis de biología: segundo curso, 1971:
  • Información localizada: portada (Olga Mendoza)

670 ## - FUENTE EN LA QUE SE LOCALIZARON DATOS

  • Cita de la fuente: Biología activa : primer grado, 1994:
  • Información localizada: portada (Olga Mendoza)

902 ## - CATALOGADOR

  • Catalogador: VRC/010722